000 00740nam a22002417a 4500
003 UA-OsUOA
001 26683
007 ta
008 20040608b un ||||| |||| 00| 0 ukr d
100 _aПампуро В.И.
090 _a504.06
_bП15
942 _cBK
040 _aUA-OsUOA
_brus
_cUA-OsUOA
_dUA-OsUOA
245 _aКонцепция управления экологической безопасностью потенциально опасного объекта (основные положения теории и наукоемкой технологии)
300 _a61 с.
955 _a0
041 _arus
080 _a504.06
260 _aКиев
_c1995
044 _aUA
650 7 _2UDC
999 _c313011
_d313011